| 000 | 00523nam a2200157 a 4500 | ||
|---|---|---|---|
| 001 | 000006474 | ||
| 005 | 20200929153932.0 | ||
| 008 | 090831s2001 dr 001 0 spa d | ||
| 020 | _a9993401846 | ||
| 040 |
_aDO-SdBNP _bspa _cBNPHU |
||
| 100 | 1 |
_aCiprián, Rafael _914522 |
|
| 245 | 1 | 3 |
_aEl abogado del Estado y fiscal ante el tribunal de tierras : _bcompetencia y atribuciones / _cRafael Ciprián. |
| 260 |
_aSanto Domingo : _bCentenario, _c2001. |
||
| 300 |
_a179 p. ; _c24 cm. |
||
| 500 | _aIncluye referencias bibliográficas | ||
| 999 |
_c6266 _d6266 |
||